000 00359 a2200157 4500
001 73415
020 _a
040 _cAnchieta - Colégio São Paulo
100 _aSilva, Francisco Alves da
240 1 0 _aHistória Contemporânea
_lpor
245 1 0 _aHistória Contemporânea
300 _a117
362 0 _a0
650 4 _aHistória do mundo
942 _cBK
999 _c73415
_d73415